00691 2200241 4500001002100000005001700021008004100038020001800079035002400097090002100121100002300142245010600165250001100271260003400282300002200316650004000338850001500378980001500393985000600408986000900414999001300423999001300436YOGYA-0209000000047420090227020345.0 ind  a979-9575-13-4 0010-020900000000474 a440.03bWoj KlR aWOJOWASITO, Tila W aKamus Prancis-Indonesia Pariwisatab(Dictionnaine De Tavisme Francais Indonesien)cTito W. Wojowasito aCet. 3 aMagelangbIndonesiaterac2003 ax, 298 hlmc20 cm aBahasa Perancis - kamus - Indonesia aYOPDYOG[M] a29-01-2005 a2 aSofi a04P03815 a04P03816